000 00649nam a2200229Ia 4500
003 OSt
005 20240923113455.0
008 220927b |||||||| |||| 00| 0 eng d
020 _a9780745624822
037 _cTextual
040 _aSDCL
_cSDCL
_beng
041 _2eng
_aeng
082 _aY:1.1'P P7
100 _aLash, Scott
245 0 _aGlobal culture industry :
_bThe mediation of things /
260 _aCambridge :
_bPolity,
_c2007.
300 _avii,240p
650 _aCulture-World
_9434142
700 _a Lury Celia
_9373771
942 _hY:1.1'P P7
_cTEXL
_2CC
999 _c750528
_d750528